000 00588nam a2200205 i 4500
001 64339
003 ES-MaACL
005 20230906165115.0
007 t|
008 031223s1931 fr ||||1| fre d
100 1 _aFlottes, Pierre.
_951359
245 1 3 _aLa rèvolutión de l'ecole unique /
_cPierre Flottes.
250 _a4éme ed.
260 _aParís :
_bJules Tallendier,
_c1931 (
_fJ. Tegui)
300 _a190 p. ;
_c23 cm.
490 1 _aCollection du temps présent
830 0 _aCollection du temps présent
_9230707
852 _aES-MaACL
_jA-1346
999 _c64339
_d64339